Statistics for FIFA 23 Premier League TOTS Nominees

Click here to take the quiz!

General Stats

  • This quiz has been taken 102 times
  • The average score is 29 of 40

Answer Stats

posclubplayer% Correct
Attackers NomineesSTManchester CityErling Haaland
96%
Attackers NomineesSTTottenham HotspurHarry Kane
96%
Attackers NomineesRWLiverpoolMohamed Salah
96%
Attackers NomineesLWManchester UnitedMarcus Rashford
91%
Attackers NomineesRWArsenalBukayo Saka
89%
Attackers NomineesLWArsenalGabriel Martinelli
89%
Defenders NomineesCBManchester CityRúben Dias
89%
Goalkeepers NomineesGKLiverpoolAlisson
88%
Goalkeepers NomineesGKArsenalAaron Ramsdale
86%
Midfielders NomineesCMManchester CityKevin De Bruyne
86%
Midfielders NomineesCDMManchester CityRodri
86%
Attackers NomineesLWManchester CityJack Grealish
85%
Defenders NomineesCBArsenalWilliam Saliba
85%
Attackers NomineesSTAston VillaOllie Watkins
82%
Goalkeepers NomineesGKChelseaKepa Arrizabalaga
81%
Attackers NomineesRWManchester CityRiyad Mahrez
81%
Midfielders NomineesCDMManchester UnitedCasemiro
80%
Goalkeepers NomineesGKNewcastle UnitedNick Pope
78%
Attackers NomineesLWLiverpoolDarwin Núñez
77%
Attackers NomineesCFChelseaKai Havertz
77%
Defenders NomineesLBManchester UnitedLuke Shaw
77%
Defenders NomineesRBNewcastle UnitedKieran Trippier
76%
Midfielders NomineesCMArsenalMartin Ødegaard
76%
Defenders NomineesLBArsenalOleksandr Zinchenko
76%
Defenders NomineesCBChelseaThaigo Silva
73%
Midfielders NomineesLMBrighton & Hove AlbionKaoru Mitoma
72%
Defenders NomineesCBManchester UnitedLisandro Martínez
66%
Attackers NomineesRWNewcastle UnitedMiguel Almirón
66%
Midfielders NomineesCMNewcastle UnitedBruno Guimarães
64%
Defenders NomineesCBTottenham HotspurCristian Romero
62%
Midfielders NomineesCAMBrighton & Hove AlbionAlexis Mac Allister
61%
Defenders NomineesCBNewcastle UnitedSven Botman
61%
Goalkeepers NomineesGKFulhamBernd Leno
59%
Midfielders NomineesRMLeicester CityJames Maddison
57%
Midfielders NomineesCMTottenham HotspurPierre-Emile Højbjerg
57%
Midfielders NomineesCDMFulhamJoão Palhinha
49%
Defenders NomineesCBBrentfordBen Mee
46%
Midfielders NomineesCMTottenham HotspurRodrigo Bentancur
46%
Midfielders NomineesRMBrighton & Hove AlbionSolly March
38%
Defenders NomineesCBArsenalGabriel Magalhães
23%

Score Distribution

Percentile by Number Answered

Percent of People with Each Score

Your Score History

You have not taken this quiz